Bible survey outlines: (Record no. 3772)

000 -LEADER
fixed length control field 00690nam a2200181 a 4500
001 - CONTROL NUMBER
control field :::00001507$&:&@@
003 - CONTROL NUMBER IDENTIFIER
control field OkBaRHE
005 - DATE AND TIME OF LATEST TRANSACTION
control field 20000607103244.0
008 - FIXED-LENGTH DATA ELEMENTS--GENERAL INFORMATION
fixed length control field s1954 j 000 0 eng u
040 ## - CATALOGING SOURCE
Transcribing agency
100 1# - MAIN ENTRY--PERSONAL NAME
Personal name Hudson, Roland V.
245 10 - TITLE STATEMENT
Title Bible survey outlines:
Remainder of title the Bible in setting, summary, and significance; its historical background, spiritual analysis, and contemporary application.
260 ## - PUBLICATION, DISTRIBUTION, ETC. (IMPRINT)
Place of publication, distribution, etc Grand Rapids, MI., :
Name of publisher, distributor, etc Eerdmans Publishing Company
Date of publication, distribution, etc c1954
300 ## - PHYSICAL DESCRIPTION
Extent 426 p. ;
Dimensions 22 cm.
650 ## - SUBJECT ADDED ENTRY--TOPICAL TERM
Topical term or geographic name as entry element Bible
General subdivision Study
-- Outlines, Syllabi, etc.
942 ## - ADDED ENTRY ELEMENTS (KOHA)
Source of classification or shelving scheme
Koha item type Books
Copies
Lost status Damaged status Price effective from Withdrawn status Koha item type Not for loan Source of classification or shelving scheme Copy number Date acquired Date last seen Barcode Full call number Permanent Location Shelving location
  2010-04-14 Books  12010-04-142018-03-121507BS 591 .H87RHEMA Bible Training CollegeGeneral Stacks